Architectural supermodels (Record no. 84339)

MARC details
000 -LEADER
fixed length control field 01005nam a2200241 a 4500
008 - FIXED-LENGTH DATA ELEMENTS--GENERAL INFORMATION
fixed length control field 120416s2000 ||||||||||||||||| || u
020 ## - INTERNATIONAL STANDARD BOOK NUMBER
International Standard Book Number 0750649283
050 ## - LIBRARY OF CONGRESS CALL NUMBER
Classification number NA 2790 Por
100 ## - MAIN ENTRY--PERSONAL NAME
Personal name Porter, Tom
245 10 - TITLE STATEMENT
Title Architectural supermodels
246 ## -
-- physical design simulation
260 ## - PUBLICATION, DISTRIBUTION, ETC.
Place of publication, distribution, etc. Boston, MA :
Name of publisher, distributor, etc. Architectural Press
Date of publication, distribution, etc. 2000
300 ## - PHYSICAL DESCRIPTION
Extent vi, 186p. : ill.
350 ## -
-- 0.00
500 ## - GENERAL NOTE
General note Bibliography
650 ## - SUBJECT ADDED ENTRY--TOPICAL TERM
Topical term or geographic name entry element ARCHITECTURAL DESIGN--EVALUATION
650 ## - SUBJECT ADDED ENTRY--TOPICAL TERM
Topical term or geographic name entry element TEXTBOOKS
700 ## - ADDED ENTRY--PERSONAL NAME
Personal name Neale, John, 1963-
856 ## - ELECTRONIC LOCATION AND ACCESS
Uniform Resource Identifier http://www.loc.gov/catdir/toc/els031/00044185.html
856 ## - ELECTRONIC LOCATION AND ACCESS
Uniform Resource Identifier http://www.loc.gov/catdir/description/els031/00044185.html
995 ## -
-- MAIN LIBRARY OPEN ACCESS
-- 0.00
-- 736096
-- CBU-MAIN LIBRARY (Kitwe)
-- 1
-- 40.00
-- NA 2790 Por
-- 1
-- AVAILABLE
-- 38719
-- Main Library Open Access Collection
995 ## -
-- MAIN LIBRARY OPEN ACCESS
-- 0.00
-- 736097
-- CBU-MAIN LIBRARY (Kitwe)
-- 2
-- 40.00
-- NA 2790 Por
-- 2
-- AVAILABLE
-- Jul 19, 2006
-- 38904
-- Main Library Open Access Collection
999 ## -
-- 84339
-- 84339
Holdings
Withdrawn status Lost status Source of classification or shelving scheme Damaged status Not for loan Permanent Location Current Location Shelving location Date acquired Total Checkouts Full call number Barcode Date last seen Copy number Price effective from Koha item type
          CBU-MAIN LIBRARY, KITWE. CBU-MAIN LIBRARY, KITWE.   01/25/2024   NA 2790 Por 38719 01/25/2024 1 01/25/2024 MONOGRAPH
          CBU-MAIN LIBRARY, KITWE. CBU-MAIN LIBRARY, KITWE.   01/25/2024   NA 2790 Por 38904 01/25/2024 2 01/25/2024 MONOGRAPH